LEADER 01736nam a2200397 u 4500 001 000000008777 003 CaOOAMICUS 005 20070226105130.0 008 941010s1983 it f u000 u ita u 020 $a8802026602 035 $a10225462 040 $aPUL(R)$bita 041 1 $aita$hlat 100 1 $aHoratius Flaccus, Quintus,$d65-8 a.C.$0(OLS)http://pul/name/8724 240 10$aOpere$9(Horatius Flaccus, Quintus, 65-8 a.C.).$lItaliano e latino.$0(OLS)http://pul/title/12843 245 13$aLe opere di Quinto Orazio Flacco /$ca cura di Tito Colamarino e Domenico Bo. 250 $aRistampa riv. e agg. della 2. ed. rifatta. 260 $aTorino :$bUnione Tipografico-Editrice Torinese,$c1983. 300 $a598 p. :$btav. ;$c24 cm 490 1 $aClassici latini 490 1 $aClassici UTET 500 $aTesto latino a fronte. 504 $a"Nota bibliografica": p. [21]-25. 505 0 $aEpodi - Satire - Odi - Canto secolare - Epistole - Arte poetica. 700 1 $aBo, Domenico.$0(OLS)http://pul/name/8726 700 1 $aColamarino, Tito.$0(OLS)http://pul/name/8725 830 0$aClassici UTET.$0(OLS)http://pul/title/1243 830 0$aClassici latini (UTET).$0(OLS)http://pul/title/2304 850 $aPUL 852 $aPUL$W1$xDP1 Cons. Gen., Altre Classi 1$y22$m844 F 13$j184765$qStampati$B187961$CPULBib$Z2$F187961 $H73004 $82 900 $aOrazio,$d65-8 a.C.$98724 900 $aFlaccus, Quintus Horatius,$d65-8 a.C.$98724 941 1 $a8 996 $6020$a8802026602$9(OLS)http://pul/number/11292 996 $6245$aLe opere di Quinto Orazio Flacco$9(OLS)http://pul/title/12844 996 $6260$aTorino :$bUnione Tipografico-Editrice Torinese$9(OLS)http://pul/publisher/48798 LEADER 01086nam a2200277 u 4500 001 000000051768 003 CaOOAMICUS 005 20070226115356.0 008 000926s1956 it u000 u ita u 035 $a10856592 040 $aPUL(R)$bita 100 1 $aBalladore Pallieri, Giorgio,$d1905-1980.$0(OLS)http://pul/name/17792 245 10$aDiritto internazionale pubblico /$cGiorgio Balladore Pallieri. 250 $a7. ed. rifatta. 260 $aMilano :$bA. Giuffrè,$c1956. 300 $axx, 554 p. ;$c23 cm 490 1 $aManuali Giuffrè 504 $aBibliografia: p. xvii-xx. 650 4$aDiritto internazionale pubblico.$0(OLS)http://pul/subject/13984 830 0$aManuali Giuffrè.$0(OLS)http://pul/title/54204 850 $aPUL 852 $aPUL$W1$xDP1 Fondo Ciprotti$y59$m1541 C 15$j68553$nBK-PRI$b $qFondi$B68553$CPULBib$Z2$F68553 $H $81 941 1 $a1 961 $aINV: F.Ciprotti 996 $6245$aDiritto internazionale pubblico$9(OLS)http://pul/title/54203 996 $6260$aMilano :$bA. Giuffrè$9(OLS)http://pul/publisher/48096